000
00208 a2200097 4500
001
8028
100
_a
Campbell, J C
245
_a
Defense of the middle east
260
_a
_b
Macdonald
_c
090
_c
6435
_d
6435
942
_a
NUST-CAE
_c
M
_c
32973
999
_c
243101
_d
243101